LOS 25 PUEBLOS CON MAS HABITANTES DE GALICIA - Estadísticas

Estadísticas generales
  • Esta prueba ha sido intentada 173 veces
  • La puntuación promedio es 14 de 25
Estadísticas de respuestas
Puesto Pueblo Habitantes Provincia % Correcto
A Coruña 244 700 A Coruña
98%
Vigo 292 374 Pontevedra
98%
Ourense 103 756 Ourense
97%
Lugo 97 211 Lugo
96%
Santiago de Compostela 98 179 A Coruña
96%
Ferrol 64 168 A Coruña
95%
Pontevedra 82 828 Pontevedra
94%
10° Oleiros 37 271 A Coruña
64%
Narón 38 938 A Coruña
62%
13° Carballo 31 432 A Coruña
57%
Villagarcía de Arosa 37 677 Pontevedra
57%
19° Marín 24 034 Pontevedra
55%
16° Ribeira 26 897 A Coruña
50%
22° Lalín 20 201 Pontevedra
49%
15° Redondela 29 055 Pontevedra
48%
14° Culleredo 30 790 A Coruña
44%
12° Ames 32 095 A Coruña
43%
24° Moaña 19 474 Pontevedra
41%
21° Porriño 20 408 Pontevedra
41%
25° Boiro 18 976 A Coruña
40%
18° Cambre 24 505 A Coruña
40%
11° Arteijo 33 076 A Coruña
26%
23° La Estrada 20 106 Pontevedra
18%
20° Puenteareas 23 049 Pontevedra
16%
17° Cangas de Morrazo 26 832 Pontevedra
14%
No se encontraron pruebas coincidentes
Distribución de puntuación
Porcentaje de gente con cada puntuación
Porcentaje por número respondido
Historial de tus puntuaciones
No has intentado esta prueba.